The Early Church and the state /

Bibliographic Details
Other Authors: Cunningham, Agnes, 1923-
Format: Book
Language:English
Published: Philadelphia : Fortress Press, [1982]
Series:Sources of early Christian thought.
Subjects:

MARC

Tag First Indicator Second Indicator Subfields
LEADER 00000pam a2200000 a 4500
001 in00000103479
005 20150929180432.0
008 820309s1982 pau b 00000 eng
010 |a  81070666  
020 |a 0800614135 (pbk.) :  |c $6.95 
035 |a (OCoLC)08305431 
035 |9 AAN2702AM 
039 0 |a 2  |b 3  |c 3  |d 3  |e 3 
040 |a DLC  |c DLC  |d TXA  |d UtOrBLW 
041 1 |a eng  |h grc 
043 |a e------  |a ff-----  |a aw----- 
049 |a TXAM  |c [1482326] 
050 0 0 |a BR170  |b  E27 1982 
082 0 |a 261.7/09/015  |2 19 
245 0 4 |a The Early Church and the state /  |c translated by Michael Di Maio and Agnes Cunningham ; edited by Agnes Cunningham. 
264 1 |a Philadelphia :  |b Fortress Press,  |c [1982] 
264 4 |c ©1982 
300 |a viii, 117 pages ;  |c 22 cm. 
336 |a text  |b txt  |2 rdacontent 
337 |a unmediated  |b n  |2 rdamedia 
338 |a volume  |b nc  |2 rdacarrier 
490 1 |a Sources of Early Christian thought 
500 |a Translated from the Greek and Latin. 
504 |a Bibliography: pages 115-117. 
650 0 |a Church and state  |z Rome  |x History  |x Sources. 
650 0 |a Church history  |y Primitive and early church, ca. 30-600  |v Sources. 
700 1 |a Cunningham, Agnes,  |d 1923- 
830 0 |a Sources of early Christian thought. 
999 |a MARS 
999 f f |s 3442ed96-256b-3f54-9c85-dbced7f9ac75  |i 989abee2-eb1d-3f81-9e03-34d1a0f854a9  |t 0 
952 f f |p ric  |a Texas A&M University  |b Rellis Campus  |c Joint Library Facility  |d Remote Storage  |t 0  |e BR170 E27 1982  |h Library of Congress classification  |i unmediated -- volume  |m A14806276698 
998 f f |a BR170 E27 1982  |t 0  |l Remote Storage